All of Egypt (Record no. 9557)
[ view plain ]
| 000 -LEADER | |
|---|---|
| fixed length control field | 00318 a2200145 4500 |
| 020 ## - INTERNATIONAL STANDARD BOOK NUMBER | |
| International Standard Book Number | 8880290355 |
| 005 - DATE AND TIME OF LATEST TRANSACTION | |
| control field | 20191017172925.0 |
| 084 ## - OTHER CLASSIFICATION NUMBER | |
| Classification number | NONE |
| 100 ## - MAIN ENTRY--PERSONAL NAME | |
| Personal name | Bonechi |
| 245 ## - TITLE STATEMENT | |
| Title | All of Egypt |
| Medium | Text |
| 250 ## - EDITION STATEMENT | |
| Edition statement | 2nd ed Revised |
| 260 ## - PUBLICATION, DISTRIBUTION, ETC. | |
| Name of publisher, distributor, etc. | Bonechi |
| 650 ## - SUBJECT ADDED ENTRY--TOPICAL TERM | |
| Topical term or geographic name entry element | African Archaeology |
| 650 ## - SUBJECT ADDED ENTRY--TOPICAL TERM | |
| Topical term or geographic name entry element | EGYPTIAN HISTORY |
| 700 ## - ADDED ENTRY--PERSONAL NAME | |
| Personal name | Magi Giovanna |
No items available.